000 00964 a2200229 4500
020 _a8126501820
040 _aDLC
_bDLC
082 0 0 _a005.133
100 1 _aSanchez, Julio,
245 1 0 _aJava 2 weekend crash course
_cJulio Sanchez and Maria P. Canton.
246 3 _aJava two weekend crash course
260 _aNew Dehli, India :
_bIDG Books,
_cc2001.
300 _axxiv, 427 p. :
_bill. ;
_c24 cm. +
_e1 computer optical disc (4 3/4 in.)
500 _aIncludes index.
538 _aSystem requirements for accompanying computer disc: Windows 95/NT/2000.
650 0 _aJava (Computer program language)
700 1 _aCanton, Maria P.
856 4 2 _3Contributor biographical information
_uhttp://www.loc.gov/catdir/bios/wiley045/00047150.html
856 4 2 _3Publisher description
_uhttp://www.loc.gov/catdir/description/wiley038/00047150.html
856 4 2 _3Table of contents
_uhttp://www.loc.gov/catdir/toc/wiley021/00047150.html
942 _cBK
_k005.133 SAN
_2ddc
999 _c6144
_d6144